000
00331 a2200157 4500
001
57171
020
_a
8502043366
040
_c
Anchieta - Pituba
100
_a
Vieira, Janaina
240
1
0
_a
O blog da Marina
_l
por
245
1
0
_a
O blog da Marina
300
_a
67
362
0
_a
2005
650
4
_a
Literatura juvenil
942
_c
BK
999
_c
57171
_d
57171